| 000 | 00911nac a22002291u 4500 | ||
|---|---|---|---|
| 010 | _a85030914 | ||
| 020 | _a0521262852 | ||
| 020 | _a0521269121 (pbk.) | ||
| 082 | 0 | 0 |
_a330.028 _bS7359 |
| 090 |
_c1639 _d1639 |
||
| 100 | _aSpanos, Aris, | ||
| 245 | 1 | 0 |
_aStatistical foundations of econometric modelling / _cAris Spanos. |
| 260 |
_aCambridge ; _aNew York : _bCambridge University Press, _c1986. |
||
| 300 |
_axxiii, 695 p. : _bill. ; _c24 cm. |
||
| 500 | _aIncludes index. | ||
| 504 | _aBibliography: p. [673]-688. | ||
| 650 | 0 | _aEconometrics. | |
| 856 | 4 | 2 |
_3Publisher description _uhttp://www.loc.gov/catdir/description/cam023/85030914.html |
| 856 | 4 | 2 |
_3Table of contents _uhttp://www.loc.gov/catdir/toc/cam028/85030914.html |
| 942 |
_cBB _k330.028S7359 |
||
| 999 |
_c1639 _d1639 |
||